<The> Macroeconomic implications of public sector deficits

Gespeichert in:
Bibliographische Detailangaben
1. Verfasser: Lehment, Harmen
Format: Buch
Sprache:Englisch
Veröffentlicht: Kiel Universität 1983
Schriftenreihe:Working Paper no. 168
Tags: Tag hinzufügen
Keine Tags, Fügen Sie das erste Tag hinzu!

MARC

LEADER 00000nam a2200000 4500
001 c129397
005 20181203150427.3
041 0 |a eng 
044 |a DE 
245 1 0 |a <The> Macroeconomic implications of public sector deficits  |c Harmen Lehment 
264 1 |a Kiel  |b Universität  |c 1983 
300 |a 40 s. 
490 1 |a Working Paper  |v no. 168 
830 0 |a Working Paper  |v no. 168 
100 1 |a Lehment, Harmen